Escudos de Times de Futebol - Brasil - Região Sudeste - Nível HARD - Statistics

Estatísticas Gerais
  • Esse quiz foi jogado 199 vezes
  • A pontuação média é 37 de 82
Estatísticas das Respostas
Imagem Resposta % Correto
Santo André
86%
Juventus da Mooca
82%
São Caetano
82%
Ferroviária
81%
Madureira
81%
Paulista de Jundiaí
79%
São Bernardo
79%
Água Santa
77%
Boavista-RJ
76%
Portuguesa-RJ
75%
Inter de Limeira
74%
Nacional-SP
72%
Athletic
71%
Audax
70%
Olaria
66%
Marília
64%
Ipatinga
63%
Mogi Mirim
63%
Democrata-GV
62%
São Bento
62%
Pouso Alegre
60%
Uberlândia
60%
Caldense
58%
Resende
58%
Rio Branco-ES
58%
Rio Branco-SP
58%
São José-SP
58%
Tupi
58%
Macaé
57%
Portuguesa Santista
57%
Sampaio Corrêa-RJ
55%
Velo Clube
55%
Duque de Caxias
54%
Capivariano
53%
Patrocinense
52%
Penapolense
51%
Cabofriense
49%
São Cristóvão
49%
Comercial-SP
48%
União São João
48%
Maricá
45%
Noroeste
45%
Linense
43%
Americano
42%
Votuporanguense
42%
XV de Jaú
42%
Audax Rio
38%
Desportiva Ferroviária
38%
Rio Claro
37%
Serra-ES
36%
Friburguense
34%
Nova Venécia
34%
Real Noroeste
34%
Bonsucesso
32%
Rio Branco-MG
32%
Francana
31%
Democrata-SL
30%
Guarani-MG
30%
Serrano
30%
Campo Grande
27%
Uberaba
27%
Villa Nova
27%
Jabaquara
23%
Pérolas Negras
23%
URT
23%
ECUS
22%
Tupynambás
22%
Mamoré
21%
Vitória-ES
21%
Araxá
19%
Barra Mansa
18%
Estrela do Norte
18%
São Mateus
18%
Atlético Itapemirim
16%
Nacional de Uberaba
14%
Linhares
13%
Valeriodoce
12%
Vilavelhense
12%
Bela Vista
10%
Social
10%
América de Três Rios
8%
Araguari
8%
Nenhum quiz correspondente encontrado
Distribuição das Pontuações
Porcentagem de Pessoas com Cada Pontuação
Percentil de Números Respondidos
Sua Pontuação Histórica
Você não jogou esse quiz